00383 2200157 4500001002100000005001500021035002000036245005800056100001500114300001200129260003200141082000800173084001400181020001800195990001200213INLIS00000000000179620250506093936 a0010-05250000881 aCatatan Pendek Untuk Cinta Yang Panjang /cBoy Candra0 aBoy Candra a212 hlm aJakarta :bMediakita,c2014 a800 a800 BOY c a979-794-487-5 a0754577